Prefix Click Quiz: L - Statistics

General Stats
  • This quiz has been taken 159 times
    145 since last reset
  • The average score is 12 of 15
Answer Stats
Hint Answer % Correct
Work Labor-
97%
Language Lingu-
97%
Milk Lact-
94%
Wolf Lup-
93%
Moon Lun-
89%
Light Lumin-
88%
Lion Leon-
87%
Free Liber-
87%
Wash Lav-
85%
Book Libr-
83%
White Leuk-
76%
Stone Lith-
74%
Tear Lacer-
67%
Slide Laps-
67%
Side Later-
63%
No matching quizzes found
Score Distribution
Percent of People with Each Score
Percentile by Number Answered
Your Score History
You have not taken this quiz since the last reset